[Event "Chicago op U2300 18th"]
[Site "Chicago"]
[Date "2009.05.23"]
[Round "3"]
[White "Rowley, Robert"]
[Black "Shetty, Atulya"]
[Result "1/2-1/2"]
[WhiteElo "2200"]
[BlackElo "2085"]
[PlyCount "51"]
[EventDate "2009.05.22"]
[EventType "swiss"]
[EventRounds "7"]
[EventCountry "USA"]
[SourceTitle "CBM 130 Extra"]
[Source "ChessBase"]
[SourceDate "2009.07.02"]
[SourceVersion "2"]
[SourceVersionDate "2009.07.15"]
[SourceQuality "1"]

1. e4 c5 2. Nf3 d6 3. d4 cxd4 4. Nxd4 Nf6 5. Nc3 Nc6 6. Bg5 e6 7. Qd2 Be7 8. 0-0-0 Nxd4 9. Qxd4 a6 10. e5 dxe5 11. Qxe5 Bd7 12. Ne4 Nxe4 13. Bxe7 Qxe7 14. Qxe4 Bc6 15. Qe5 0-0 16. Bc4 b5 17. Rd6 Rfc8 18. Bd3 Qc7 19. Rd1 Bd5 20. Rd2 Qa5 21. Be4 Bxe4 22. Qxe4 Qxa2 23. c3 h6 24. Rd7 b4 25. Qxb4 Rab8 26. Rb7 1/2-1/2

[Event "American op 37th"]
[Site "Los Angeles"]
[Date "2001.11.25"]
[Round "7"]
[White "Abrahamyan, Tatev"]
[Black "Rowley, Robert"]
[Result "1-0"]
[WhiteElo "2104"]
[BlackElo "2324"]
[PlyCount "81"]
[EventDate "2001.11.22"]
[EventType "swiss"]
[EventRounds "8"]
[EventCountry "USA"]
[SourceTitle "CBM 085 Extra"]
[Source "ChessBase"]
[SourceDate "2002.01.21"]
[SourceVersion "1"]
[SourceVersionDate "2002.01.21"]
[SourceQuality "1"]

1. e4 c6 2. d4 d5 3. Nc3 dxe4 4. Nxe4 Bf5 5. Ng3 Bg6 6. h4 h6 7. Nf3 Nd7 8. h5 Bh7 9. Bd3 Bxd3 10. Qxd3 e6 11. Bd2 Ngf6 12. 0-0-0 Be7 13. Ne4 Nxe4 14. Qxe4 Nf6 15. Qe2 Qd5 16. c4 Qe4 17. Rde1 Qxe2 18. Rxe2 0-0 19. Bc3 a5 20. Ne5 Bb4 21. Kc2 Bxc3 22. bxc3 Rfc8 23. c5 Rab8 24. Rb1 b5 25. cxb6 c5 26. Kd2 cxd4 27. c4 Rb7 28. Rb5 Nd7 29. Nxd7 Rxd7 30. c5 Rd5 31. b7 Rb8 32. Kd3 Kf8 33. Reb2 Ke7 34. Rxa5 Kd7 35. Rab5 Kc6 36. a4 Rxc5 37. Rxc5+ Kxc5 38. a5 Kc6 39. a6 Kc7 40. a7 Rxb7 41. Rc2+ 1-0

[Event "World op 29th"]
[Site "Philadelphia"]
[Date "2001.07.06"]
[Round "5"]
[White "Rowley, Robert"]
[Black "Formanek, Edward W"]
[Result "1/2-1/2"]
[WhiteElo "2324"]
[BlackElo "2293"]
[PlyCount "27"]
[EventDate "2001.06.30"]
[EventType "swiss"]
[EventRounds "9"]
[EventCountry "USA"]
[SourceTitle "EXT 2002"]
[Source "ChessBase"]
[SourceDate "2001.11.25"]
[SourceVersion "1"]
[SourceVersionDate "2001.11.25"]
[SourceQuality "1"]

1. e4 e6 2. d4 d5 3. Nc3 Bb4 4. exd5 exd5 5. Bd3 Nf6 6. Nge2 0-0 7. 0-0 c6 8. Bf4 Re8 9. Ng3 Bg4 10. Nce2 Nh5 11. Nxh5 Bxh5 12. c3 Bd6 13. Bxd6 Qxd6 14. Qd2 1/2-1/2

[Event "US Masters op"]
[Site "Hawaii"]
[Date "1998.07.22"]
[Round "2"]
[White "Stevens, Lawrence"]
[Black "Rowley, Robert"]
[Result "0-1"]
[WhiteElo "2210"]
[BlackElo "2360"]
[PlyCount "50"]
[EventDate "1998.07.??"]
[EventType "swiss"]
[EventRounds "9"]
[EventCountry "USA"]
[SourceTitle "EXT 1999"]
[Source "ChessBase"]
[SourceDate "1998.11.16"]
[SourceVersion "1"]
[SourceVersionDate "1998.11.16"]
[SourceQuality "1"]

1. e4 c6 2. Nc3 d5 3. Nf3 dxe4 4. Nxe4 Nf6 5. Ng3 h5 6. Bc4 h4 7. Ne2 Bf5 8. d3 h3 9. g3 e6 10. Ng5 Be7 11. Nc3 Nbd7 12. Qe2 Nd5 13. Nge4 Ne5 14. f3 Nxc4 15. dxc4 Nxc3 16. Nxc3 Qb6 17. Ne4 Bxe4 18. Qxe4 0-0-0 19. c3 Bc5 20. b4 Bxb4 21. cxb4 Qxb4+ 22. Ke2 Qc3 23. Rb1 Rd4 24. Qe3 Qxc4+ 25. Ke1 Rhd8 0-1

[Event "US Masters op"]
[Site "Hawaii"]
[Date "1998.??.??"]
[Round "3"]
[White "Rowley, Robert"]
[Black "Johnson, Eric C"]
[Result "1-0"]
[WhiteElo "2355"]
[BlackElo "2105"]
[PlyCount "93"]
[EventDate "1998.07.??"]
[EventType "swiss"]
[EventRounds "9"]
[EventCountry "USA"]
[SourceTitle "EXT 1999"]
[Source "ChessBase"]
[SourceDate "1998.11.16"]
[SourceVersion "1"]
[SourceVersionDate "1998.11.16"]
[SourceQuality "1"]

1. e4 c5 2. Nf3 Nc6 3. d4 cxd4 4. Nxd4 Nf6 5. Nc3 e5 6. Ndb5 d6 7. a4 h6 8. Be3 Be6 9. Nd5 Bxd5 10. exd5 Ne7 11. a5 Nc8 12. a6 bxa6 13. Rxa6 Be7 14. Be2 0-0 15. 0-0 Qd7 16. c4 Ne4 17. b4 Bg5 18. Bxg5 Nxg5 19. c5 Rb8 20. Nxd6 Rxb4 21. Nxc8 Rxc8 22. c6 Qd6 23. Rxa7 Rd4 24. Rd7 Nh3+ 25. Kh1 Nxf2+ 26. Rxf2 Rxd1+ 27. Bxd1 Qb4 28. Rdxf7 e4 29. h3 e3 30. Rf1 Qd4 31. c7 e2 32. Bxe2 Qc5 33. Bd3 g5 34. Bf5 Rxc7 35. Be6 Kh8 36. Rxc7 Qxc7 37. Rf8+ Kg7 38. Rf7+ Qxf7 39. Bxf7 Kxf7 40. Kh2 Ke7 41. Kg3 h5 42. h4 Kd6 43. hxg5 Kxd5 44. Kh4 Ke6 45. Kxh5 Kf7 46. Kh6 Kg8 47. Kg6 1-0

[Event "World op 23rd"]
[Site "Philadelphia"]
[Date "1995.??.??"]
[Round "5"]
[White "Andrews, Steven"]
[Black "Rowley, Robert"]
[Result "1/2-1/2"]
[WhiteElo "2200"]
[BlackElo "2350"]
[PlyCount "116"]
[EventDate "1995.06.??"]
[EventType "swiss"]
[EventRounds "9"]
[EventCountry "USA"]
[SourceTitle "EXT 2000"]
[Source "ChessBase"]
[SourceDate "1999.11.16"]
[SourceVersion "1"]
[SourceVersionDate "1999.11.16"]
[SourceQuality "1"]

1. d4 Nf6 2. Nf3 d5 3. c4 c6 4. Nc3 Bf5 5. Qb3 Qb6 6. c5 Qc7 7. g3 g6 8. Bg2 Bg7 9. 0-0 0-0 10. Bf4 Qc8 11. Rac1 Nbd7 12. h3 Ne4 13. g4 Be6 14. Qc2 Ndf6 15. Nd2 Nxd2 16. Qxd2 Nd7 17. b4 f6 18. Qe3 Bf7 19. Bh6 Bxh6 20. Qxh6 e5 21. Qd2 e4 22. f3 f5 23. fxe4 fxe4 24. Rf4 Qc7 25. Rcf1 Be6 26. Qe3 Rxf4 27. Rxf4 Rf8 28. Rxf8+ Nxf8 29. Qf2 Bc8 30. e3 Ne6 31. Ne2 Qf7 32. Qg3 Qc7 33. Qxc7 Nxc7 34. Nc3 g5 35. Bf1 Bd7 36. Kf2 Kf7 37. Ke1 Kg6 38. a4 a6 39. Be2 Ne8 40. b5 axb5 41. axb5 Nf6 42. bxc6 bxc6 43. Kf2 h5 44. Kg3 hxg4 45. hxg4 Kf7 46. Bd1 Ke7 47. Be2 Kf7 48. Nd1 Ke7 49. Nf2 Kf7 50. Kg2 Ke7 51. Kf1 Kd8 52. Ke1 Kc7 53. Kd2 Kb7 54. Nh3 Bxg4 55. Nxg5 Bxe2 56. Kxe2 Ka6 57. Kf2 Kb5 58. Nh3 Nd7 1/2-1/2

[Event "World op 23rd"]
[Site "Philadelphia"]
[Date "1995.??.??"]
[Round "2"]
[White "Rowley, Robert"]
[Black "Hanken, Jerome B"]
[Result "1/2-1/2"]
[WhiteElo "2350"]
[BlackElo "2195"]
[PlyCount "42"]
[EventDate "1995.06.??"]
[EventType "swiss"]
[EventRounds "9"]
[EventCountry "USA"]
[SourceTitle "EXT 2000"]
[Source "ChessBase"]
[SourceDate "1999.11.16"]
[SourceVersion "1"]
[SourceVersionDate "1999.11.16"]
[SourceQuality "1"]

1. e4 g6 2. d4 Bg7 3. Nc3 c6 4. Nf3 b5 5. a3 d6 6. h3 a6 7. Be2 Nd7 8. 0-0 Qc7 9. Be3 Ngf6 10. Qd2 Bb7 11. Rfe1 0-0 12. Bh6 c5 13. Bxg7 Kxg7 14. e5 dxe5 15. dxe5 Nxe5 16. Nxe5 Qxe5 17. Bf3 Qc7 18. Bxb7 Qxb7 19. Qe3 Rad8 20. Qxc5 Rd7 21. Rad1 Rfd8 1/2-1/2

[Event "Philadelphia Int 5th"]
[Site "Philadelphia"]
[Date "1994.??.??"]
[Round "6"]
[White "Khmelnitsky, Igor N"]
[Black "Rowley, Robert"]
[Result "1-0"]
[WhiteElo "2450"]
[BlackElo "2365"]
[PlyCount "113"]
[EventDate "1994.06.24"]
[EventType "swiss"]
[EventRounds "9"]
[EventCountry "USA"]
[SourceTitle "EXT 2024"]
[Source "ChessBase"]
[SourceDate "2023.10.10"]
[SourceVersion "1"]
[SourceVersionDate "2023.10.10"]
[SourceQuality "1"]

1. e4 c6 2. d4 d5 3. Nd2 dxe4 4. Nxe4 Nf6 5. Nxf6+ gxf6 6. c3 Bf5 7. Ne2 Nd7 8. Ng3 Bg6 9. h4 h5 10. Be2 Qa5 11. b4 Qc7 12. Nxh5 e5 13. Ng3 0-0-0 14. a3 Nb6 15. h5 Bh7 16. Bg4+ Kb8 17. Nf5 Nd5 18. Qf3 Rg8 19. Rh4 e4 20. Qh3 Nf4 21. Bxf4 Qxf4 22. Qg3 Qxg3 23. Nxg3 Bd6 24. Ne2 f5 25. Bh3 Be7 26. Rf4 Bd6 27. Kf1 Bxf4 28. Nxf4 Kc7 29. Ke2 a5 30. Ke3 Ra8 31. Ne2 axb4 32. cxb4 Rg5 33. Nf4 Kd6 34. a4 b6 35. g3 Ra7 36. Bf1 Rg8 37. Ne2 Rg5 38. d5 Kxd5 39. Rd1+ Ke5 40. Nd4 Rc7 41. f4+ exf3 42. Nxf3+ Kf6 43. Rd6+ Ke7 44. Nxg5 Kxd6 45. Nxh7 Ra7 46. h6 Ra8 47. Ng5 Ke7 48. b5 cxb5 49. Bxb5 Rh8 50. h7 f6 51. Nf3 Rxh7 52. Nd4 Kd6 53. Kf4 Rh5 54. Nxf5+ Kc5 55. Ne3 Kd6 56. g4 Rg5 57. Nc4+ 1-0

[Event "Philadelphia Int 5th"]
[Site "Philadelphia"]
[Date "1994.??.??"]
[Round "2"]
[White "Manion, Josh"]
[Black "Rowley, Robert"]
[Result "1-0"]
[WhiteElo "2280"]
[BlackElo "2365"]
[PlyCount "77"]
[EventDate "1994.06.24"]
[EventType "swiss"]
[EventRounds "9"]
[EventCountry "USA"]
[SourceTitle "EXT 2024"]
[Source "ChessBase"]
[SourceDate "2023.10.10"]
[SourceVersion "1"]
[SourceVersionDate "2023.10.10"]
[SourceQuality "1"]

1. d4 Nf6 2. c4 e6 3. Nc3 Bb4 4. f3 d5 5. a3 Bxc3+ 6. bxc3 0-0 7. e3 c5 8. cxd5 exd5 9. Bd3 b6 10. Ne2 Ba6 11. 0-0 Bxd3 12. Qxd3 Nc6 13. e4 cxd4 14. cxd4 h6 15. e5 Ne8 16. Ng3 Qd7 17. a4 f5 18. Ba3 Rf7 19. Rac1 Na5 20. Rfe1 Nc7 21. Nxf5 Ne6 22. Nd6 Rf4 23. Bb2 Qxa4 24. g3 Rff8 25. f4 Qd7 26. f5 Ng5 27. h4 Ne4 28. Nxe4 dxe4 29. Qxe4 Qxf5 30. Qxf5 Rxf5 31. d5 Rd8 32. d6 Nb7 33. Rc7 Rf7 34. Rxf7 Kxf7 35. e6+ Ke8 36. d7+ Ke7 37. Bxg7 Rg8 38. Bf6+ Kxf6 39. e7 1-0

[Event "Philadelphia Int 5th"]
[Site "Philadelphia"]
[Date "1994.??.??"]
[Round "3"]
[White "Rowley, Robert"]
[Black "Beckman, Thomas J"]
[Result "1-0"]
[WhiteElo "2365"]
[BlackElo "2220"]
[PlyCount "49"]
[EventDate "1994.06.24"]
[EventType "swiss"]
[EventRounds "9"]
[EventCountry "USA"]
[SourceTitle "EXT 2024"]
[Source "ChessBase"]
[SourceDate "2023.10.10"]
[SourceVersion "1"]
[SourceVersionDate "2023.10.10"]
[SourceQuality "1"]

1. e4 c5 2. Nf3 Nc6 3. d4 cxd4 4. Nxd4 Nf6 5. Nc3 e5 6. Ndb5 d6 7. a4 a6 8. Na3 Be6 9. Nc4 Rc8 10. Ne3 Nb4 11. Ncd5 Bxd5 12. exd5 Nfxd5 13. c3 Nxe3 14. Bxe3 Nc6 15. Bc4 Be7 16. Qg4 Bf6 17. Bb6 Qxb6 18. Qxc8+ Bd8 19. 0-0 Ne7 20. Qh3 d5 21. Rad1 Qc6 22. Bxd5 Nxd5 23. Qd3 Qxa4 24. Qxd5 Qa5 25. Qd7+ 1-0